<?xml version="1.0" encoding="UTF-8"?>
<collection xmlns="http://www.loc.gov/MARC21/slim">
    <record>
        <controlfield tag="001">61324</controlfield>
        <controlfield tag="005">20190312121505.0</controlfield>
        <datafield tag="024" ind1="7" ind2=" ">
            <subfield code="2">doi</subfield>
            <subfield code="a">10.4000/carnets.2074</subfield>
        </datafield>
        <datafield tag="024" ind1="8" ind2=" ">
            <subfield code="2">sideral</subfield>
            <subfield code="a">98725</subfield>
        </datafield>
        <datafield tag="037" ind1=" " ind2=" ">
            <subfield code="a">ART-2017-98725</subfield>
        </datafield>
        <datafield tag="041" ind1=" " ind2=" ">
            <subfield code="a">fra</subfield>
        </datafield>
        <datafield tag="100" ind1=" " ind2=" ">
            <subfield code="a">Moniz, Ana Isabel</subfield>
        </datafield>
        <datafield tag="245" ind1=" " ind2=" ">
            <subfield code="a">Traductions portugaises des Voyages extraordinaires de Jules Verne (1863-1905)</subfield>
        </datafield>
        <datafield tag="260" ind1=" " ind2=" ">
            <subfield code="c">2017</subfield>
        </datafield>
        <datafield tag="506" ind1="0" ind2=" ">
            <subfield code="a">Access copy available to the general public</subfield>
            <subfield code="f">Unrestricted</subfield>
        </datafield>
        <datafield tag="520" ind1="3" ind2=" ">
            <subfield code="a">L’Index Translationum publié par l'UNESCO classe Jules Verne comme l'un des auteurs le plus populaire au monde et l'un des cinq auteurs le plus traduit. Cette remarque nous invite à présenter ici l'accueil que le Portugal a réservé aux traductions des Voyages extraordinaires publiées au XIXe siècle. Nous avons mené nos recherches dans les fonds de la Bibliothèque Nationale du Portugal (BNP) et dans diverses bibliothèques universitaires. Nous y avons relevé une première liste des romans de Jules Verne publiés au Portugal, le nom des traducteurs, le nombre des éditions, la date de chacune d'entre elles ainsi que la présence ou l'absence d'illustrations.    

The Index Translationum, published by UNESCO, classes Jules Verne as one of the most popular authors in the world and one of the five most translated authors. It is our aim to present here how Verne’s Voyages extraordinaires published in the nineteenth century were received in Portugal. We have conducted our researches at the collections of the National Library of Portugal (BNP) and in various academic libraries. We have identified an initial list of the novels of Jules Verne published in Portugal, the name of the translators, the number of editions, the date of each of them as well as the presence or absence of illustrations.</subfield>
        </datafield>
        <datafield tag="540" ind1=" " ind2=" ">
            <subfield code="9">info:eu-repo/semantics/openAccess</subfield>
            <subfield code="a">by-nc</subfield>
            <subfield code="u">http://creativecommons.org/licenses/by-nc/3.0/es/</subfield>
        </datafield>
        <datafield tag="655" ind1=" " ind2="4">
            <subfield code="a">info:eu-repo/semantics/article</subfield>
            <subfield code="v">info:eu-repo/semantics/publishedVersion</subfield>
        </datafield>
        <datafield tag="700" ind1=" " ind2=" ">
            <subfield code="0">(orcid)0000-0002-3395-4287</subfield>
            <subfield code="a">Tresaco, María Pilar</subfield>
            <subfield code="u">Universidad de Zaragoza</subfield>
        </datafield>
        <datafield tag="710" ind1="2" ind2=" ">
            <subfield code="1">3003</subfield>
            <subfield code="2">335</subfield>
            <subfield code="a">Universidad de Zaragoza</subfield>
            <subfield code="b">Dpto. Filología Francesa</subfield>
            <subfield code="c">Área Filología Francesa</subfield>
        </datafield>
        <datafield tag="773" ind1=" " ind2=" ">
            <subfield code="g">9 (2017), [10 pp]</subfield>
            <subfield code="p">Carnets (Aveiro)</subfield>
            <subfield code="t">Carnets (Aveiro)</subfield>
            <subfield code="x">1646-7698</subfield>
        </datafield>
        <datafield tag="856" ind1="4" ind2=" ">
            <subfield code="s">477376</subfield>
            <subfield code="u">http://zaguan.unizar.es/record/61324/files/texto_completo.pdf</subfield>
            <subfield code="y">Versión publicada</subfield>
        </datafield>
        <datafield tag="856" ind1="4" ind2=" ">
            <subfield code="s">58544</subfield>
            <subfield code="u">http://zaguan.unizar.es/record/61324/files/texto_completo.jpg?subformat=icon</subfield>
            <subfield code="x">icon</subfield>
            <subfield code="y">Versión publicada</subfield>
        </datafield>
        <datafield tag="909" ind1="C" ind2="O">
            <subfield code="o">oai:zaguan.unizar.es:61324</subfield>
            <subfield code="p">articulos</subfield>
            <subfield code="p">driver</subfield>
        </datafield>
        <datafield tag="951" ind1=" " ind2=" ">
            <subfield code="a">2019-03-12-12:02:30</subfield>
        </datafield>
        <datafield tag="980" ind1=" " ind2=" ">
            <subfield code="a">ARTICLE</subfield>
        </datafield>
    </record>

    
</collection>